International monetary economics

Gorde:
Xehetasun bibliografikoak
Egile nagusia: Fritz Machlup
Formatua: Liburua
Argitaratua: Routledge
Etiketak: Etiketa erantsi
Etiketarik gabe, Izan zaitez lehena erregistro honi etiketa jartzen!

MARC

LEADER 00000nam a2200000Ia 4500
005 20260515061617.0
100 |a  Fritz Machlup 
020 |a 9780415488884 
942 |c BK 
245 |a International monetary economics  
260 |b Routledge 
999 |c 60  |d 60 
952 |0 0  |1 0  |4 0  |7 0  |a ABDN  |b ABDN  |d 2026-05-15  |l 0  |p 000075  |r 2026-05-15 06:16:17  |w 2026-05-15  |y BK